000 01008nam a2200301 a 4500
001 7962
003 BD-RjUL
005 20211208234513.0
008 160114s1995 ii a b 001 0 eng d
020 _a8171006348
035 _a(BD-RjUL)8006
035 _a(BD-RjUL)
040 _aANL
_beng
_cANL
_dANL
_dBD-RjUL
041 _aeng
082 0 4 _a307.141720954
_220
_bROL
245 0 0 _aRole of voluntary organisations in tribal development /
_cedited by Devendra Thakur and D.N. Thakur.
260 _aNew Delhi :
_bDeep & Deep,
_cc1997.
300 _aviii, 310 p. ;
_c23 cm.
500 _aIncludes bibliographical references (p. [306]-307) and index.
650 0 _aRural development
_zIndia.
_95606
650 0 _aNon-governmental organizations
_zIndia.
_924845
651 0 _aIndia
_xScheduled tribes.
_924846
651 0 _aIndia
_xEconomic conditions
_y1947-
_924847
700 1 _aThakur, Devendra.
_916723
700 1 _aThakur, D. N.
_924848
942 _2ddc
_cBK
999 _c7962
_d7962